000 00307nam a22001337a 4500
008 181029b xxu||||| |||| 00| 0 eng d
020 _a9780873529754
041 _aeng
080 _25 ED
_a370
100 _a47
101 _aEDU
245 _aMla Hadbook Of Research Papers
_cJose.G
942 _2udc
_cBK
999 _c50970
_d50970